| 000 | 00000nam##2200000za#4500 |
| 001 | 9.696435 |
| 003 | CaOODSP |
| 005 | 20220125145842 |
| 007 | cr ||||||||||| |
| 008 | 150407|2001||||xxc|||||o f|0| 0 eng|d |
| 040 | |aCaOODSP|beng |
| 043 | |an-cn--- |
| 086 | 1 |aDB3-22/2001E-PDF |
| 110 | 1 |aCanada. |bDepartment of National Defence. |
| 245 | 10|aLeadmark : |h[electronic resource]|bthe Navy's strategy for 2020 / |cIssued by NDHQ/Chief of the Maritime Staff, Directorate of Maritime Strategy. |
| 260 | |aOttawa - Ontario : |bNational Defence |c2001. |
| 300 | |a237p.|bfigs., glossary, maps, photographs |
| 500 | |aThe catalogue number (DB3-22/2001E) and ISBN (0-662-30934-0) for the print edition have been incorrectly copied in this electronic publication. |
| 590 | |a12-32-Supp|b2012-07-11 |
| 690 | 07|aArmed forces|2gcpds |
| 690 | 07|aStrategies|2gcpds |
| 690 | 07|aWater transport|2gcpds |
| 775 | 08|tPoint de mire : |w(CaOODSP)9.640551 |
| 776 | 0#|tLeadmark: the Navy strategy for 2020 / |w(CaOODSP)9.648277 |
| 856 | 40|ahttp://publications.gc.ca|qPDF|s4677 KB|uhttps://publications.gc.ca/collections/collection_2012/dn-nd/DB3-22-2001-eng.pdf |